Biggest American Cities that start with A on a Map - Statistics

General Stats
  • This quiz has been taken 480 times
  • The average score is 14 of 20
Answers on the Map
Answers color-coded by a green-red scale on the quiz's map according to % correct below.
 
Answer Stats
Population City % Correct
498,715 Atlanta
99%
961,855 Austin
99%
291,247 Anchorage
94%
564,559 Albuquerque
91%
346,824 Anaheim
80%
394,266 Arlington
77%
238,643 Arlington
77%
386,261 Aurora
76%
180,542 Aurora
76%
190,469 Akron
73%
200,393 Amarillo
70%
123,851 Ann Arbor
70%
202,081 Augusta
67%
104,627 Allen
65%
125,845 Allentown
63%
127,315 Athens
57%
159,467 Alexandria
56%
125,182 Abilene
48%
124,402 Arvada
34%
115,291 Antioch
31%
No matching quizzes found
Score Distribution
Percent of People with Each Score
Percentile by Number Answered
Your Score History
You have not taken this quiz